Some General Knowledge - Statistics

General Stats
  • This quiz has been taken 23 times
  • The average score is 4 of 20
Answer Stats
Question Answer % Correct
What is also a luxury car brand and a big feline in Americas? Jaguar
73%
Which is Alaska’s Biggest City? Anchorage
60%
Who is dynamite inventor? Alfred Nobel
53%
Which is the world biggest rodent? Capybara
33%
Who has scored the two goals in the FIFA’s 2002 world cup final? Ronaldo
33%
What’s the English for the Italian word “pipistrello”? Bat
27%
What’s the square root of 4096? 64
20%
Who was Titanic’s Captain? Edward Smith
20%
What’s the iceland’s second largest city? Kopavogur
20%
Who is the main actor of "The Mentalist” series, that played the role of Patrick Jane? Simon Baker
20%
How much is 43ºC in Kelvin scale? 316
13%
Which Swedish mma fighter almost defeated Jon Jones in their for the light heavyweight championship belt? Alexander Gustafsson
13%
Which was the French president during the WWI? Raymond Poincaré
13%
Who is the composer of the famous tango “Por Una Cabeza”? Carlos Gardel
7%
In Star Wars Universe, how is it called the cold planet where luke gets hurt by a creature, and Vader almost caps the rebellion? Hoth
7%
Who is the author of “Beyond The Capital”? István Mészaros
7%
Which Nepalese village gives access to the climbing of Mount Everest? Lukla
7%
Which is the chemical element of atomic number 93 in periodic table? Neptunium
7%
The scientific name crotalus sp. Stands for which snakes species? Rattlesnake
7%
Which Indian mathematician worked in Cambridge with Professor Hart in pure mathematics, portrayed in the movies by Dev Patel? Srinavasa Ramanujan
7%
No matching quizzes found
Score Distribution
Percent of People with Each Score
Percentile by Number Answered
Your Score History
You have not taken this quiz